00000000nam##2200000za#4500
0019.682268
003CaOODSP
00520200330073310
007ta
008150407|1981||||xxc|||||     f|0| 0 fre|d
020 |a0-660-90741-0
040 |aCaOODSP|bfre
043 |an-cn---
0861 |aA43-1112/1981F
1101 |aCanada.|bAgriculture Canada. |bDirection générale de recherche.
24510|aChampignons comestibles et vénéneux du Canada /
260 |aOttawa - Ontario : |bAgriculture Canada. |c1981.
300 |ax, 336p. : |bglossaire, ill. (certaines en couleur), photographies, index ; |c25 cm.
563 |aCouverture souple
69107|aChampignon|2gcpds
7201 |aGroves, J. R.
7201 |aRedhead, S.A.
7760#|tChampignons comestibles et vénéneux du Canada |w(CaOODSP)9.642181